[Event "HUN-ch Rapid"]
[Site "Ajka"]
[Date "2023.07.21"]
[Round "1"]
[White "Ats, Laszlo Gyorgy"]
[Black "Balog, Imre1111"]
[Result "0-1"]
[WhiteElo "1892"]
[BlackElo "2622"]
[PlyCount "52"]
[EventDate "2023.07.21"]
[EventType "swiss (rapid)"]
[EventRounds "13"]
[EventCountry "HUN"]
[SourceTitle "CBM 215 Extra"]
[Source "ChessBase"]
[SourceDate "2023.09.30"]
[SourceVersion "1"]
[SourceVersionDate "2023.09.30"]
[SourceQuality "1"]

1. d4 Nf6 2. Bf4 Nh5 3. Bg3 g6 4. e3 Bg7 5. Be2 Nxg3 6. hxg3 d6 7. c3 e5 8. Nd2 Qe7 9. Ngf3 Nd7 10. Qb3 exd4 11. cxd4 c5 12. d5 0-0 13. a4 b6 14. Rd1 a6 15. Kf1 b5 16. axb5 axb5 17. Bxb5 Rb8 18. Qd3 Nf6 19. e4 Qa7 20. Kg1 Ng4 21. Bc4 Rxb2 22. Rb1 Rxb1+ 23. Nxb1 Bd7 24. Qa3 Qb7 25. Qb3 Qc7 26. Nfd2 Bd4 0-1

[Event "HUN-chT2 Barcza 1819"]
[Site "Hungary"]
[Date "2019.03.10"]
[Round "9.4"]
[White "Forgacs, Jozsef"]
[Black "Ats, Laszlo Gyorgy"]
[Result "1-0"]
[WhiteElo "2197"]
[BlackElo "1957"]
[PlyCount "67"]
[EventDate "2018.09.23"]
[EventType "team-tourn"]
[EventRounds "11"]
[EventCountry "HUN"]
[SourceTitle "EXT 2021"]
[Source "ChessBase"]
[SourceDate "2020.10.23"]
[SourceVersion "1"]
[SourceVersionDate "2020.10.23"]
[SourceQuality "1"]
[WhiteTeam "Nyiregyhaza SISE"]
[BlackTeam "Tiszavasvar"]
[WhiteTeamCountry "HUN"]
[BlackTeamCountry "HUN"]

1. d4 d5 2. c4 e6 3. Nc3 Nf6 4. cxd5 exd5 5. Bg5 Be7 6. e3 0-0 7. Bd3 h6 8. Bh4 Re8 9. Nge2 c6 10. Qc2 Nbd7 11. f3 Qa5 12. Bf2 Nf8 13. 0-0 Be6 14. h3 Rad8 15. a3 a6 16. b4 Qc7 17. e4 dxe4 18. fxe4 Qc8 19. Na4 Bxh3 20. gxh3 Qxh3 21. Nf4 Qg4+ 22. Ng2 Ng6 23. Be3 Bd6 24. e5 Nd5 25. Qf2 Nxe5 26. dxe5 Nxe3 27. exd6 f6 28. Bf5 Qg5 29. d7 Re5 30. Rae1 Rxf5 31. Qxe3 Rxf1+ 32. Rxf1 Qxe3+ 33. Nxe3 Rxd7 34. Nc5 1-0

[Event "HUN-chT2 Barcza 1819"]
[Site "Hungary"]
[Date "2018.12.02"]
[Round "5.3"]
[White "Ats, Laszlo Gyorgy"]
[Black "Kelemen, Imre"]
[Result "0-1"]
[WhiteElo "1957"]
[BlackElo "2056"]
[PlyCount "30"]
[EventDate "2018.09.23"]
[EventType "team-tourn"]
[EventRounds "11"]
[EventCountry "HUN"]
[SourceTitle "CBM 189 Extra"]
[Source "ChessBase"]
[SourceDate "2019.06.03"]
[SourceVersion "1"]
[SourceVersionDate "2019.06.03"]
[SourceQuality "1"]
[WhiteTeam "Tiszavasvar"]
[BlackTeam "Debrecen Sakkbaratok"]
[WhiteTeamCountry "HUN"]
[BlackTeamCountry "HUN"]

1. d4 c5 2. e3 cxd4 3. exd4 Nf6 4. Nf3 g6 5. Bd3 Bg7 6. Bf4 d6 7. c3 0-0 8. h4 Nh5 9. Bh2 e5 10. 0-0 exd4 11. Nxd4 Qxh4 12. Bxd6 Rd8 13. Bc7 Rd7 14. Bxb8 Rxb8 15. Nf3 Qd8 0-1

[Event "HUN-chT2 Barcza 1819"]
[Site "Hungary"]
[Date "2018.10.28"]
[Round "3.5"]
[White "Ats, Laszlo Gyorgy"]
[Black "Balogh, Akos1111"]
[Result "1/2-1/2"]
[WhiteElo "1957"]
[BlackElo "2009"]
[PlyCount "72"]
[EventDate "2018.09.23"]
[EventType "team-tourn"]
[EventRounds "11"]
[EventCountry "HUN"]
[SourceTitle "CBM 189 Extra"]
[Source "ChessBase"]
[SourceDate "2019.06.03"]
[SourceVersion "1"]
[SourceVersionDate "2019.06.03"]
[SourceQuality "1"]
[WhiteTeam "Tiszavasvar"]
[BlackTeam "Debrecen Sakkiskola"]
[WhiteTeamCountry "HUN"]
[BlackTeamCountry "HUN"]

1. d4 Nf6 2. h4 c5 3. e3 d5 4. c3 Nc6 5. f4 Bf5 6. Bd3 e6 7. Nf3 Bd6 8. Ne5 h5 9. Qc2 Ne4 10. Nd2 Ng3 11. Rh2 Ne7 12. Kf2 Bxe5 13. Kxg3 c4 14. Bxf5 Nxf5+ 15. Kf2 Bf6 16. g3 0-0 17. Nf3 Nh6 18. Kg1 b5 19. Ng5 g6 20. Nxe6 fxe6 21. Qxg6+ Bg7 22. Qxh5 Qe8 23. Qxe8 Raxe8 24. Kg2 Ng4 25. Rh3 Kh7 26. Kf3 Nf6 27. g4 Ne4 28. Rh2 Rf7 29. Bd2 e5 30. dxe5 Bxe5 31. Rd1 b4 32. Bc1 bxc3 33. Rxd5 cxb2 34. Bxb2 Bxb2 35. Rxb2 Rfe7 36. Rc2 c3 1/2-1/2

[Event "Puspokladany Arnoth Memorial 11th"]
[Site "Puspokladany"]
[Date "2018.07.25"]
[Round "1"]
[White "Kacsandi, Lili Fruzsina"]
[Black "Ats, Laszlo Gyorgy"]
[Result "1/2-1/2"]
[WhiteElo "1828"]
[BlackElo "2002"]
[PlyCount "107"]
[EventDate "2018.07.25"]
[EventType "swiss"]
[EventRounds "9"]
[EventCountry "HUN"]
[SourceTitle "CBM 186 Extra"]
[Source "ChessBase"]
[SourceDate "2018.08.24"]
[SourceVersion "1"]
[SourceVersionDate "2018.08.24"]
[SourceQuality "1"]

1. e4 Nf6 2. e5 Ng8 3. d4 d6 4. exd6 cxd6 5. c4 Nf6 6. Nc3 g6 7. Bd3 Bg7 8. Nge2 Nc6 9. Bg5 Qa5 10. Qd2 Bf5 11. Bxf5 Qxf5 12. 0-0 h6 13. Bxf6 Bxf6 14. Nd5 0-0 15. Nxf6+ Qxf6 16. b3 Kg7 17. Rad1 Rad8 18. d5 Ne5 19. f4 Nd7 20. Qc3 Rc8 21. Qxf6+ Kxf6 22. Ng3 Nc5 23. f5 Kg7 24. Rde1 Rfe8 25. Re3 Nd7 26. Ne4 f6 27. g4 Ne5 28. h3 g5 29. a4 Rh8 30. Ng3 a6 31. Rc1 Kf7 32. Rec3 b6 33. a5 Rb8 34. Ra1 Rhc8 35. Ne4 Rc7 36. Kg2 Rcb7 37. axb6 Rxb6 38. Ra3 Nd7 39. Kf2 h5 40. Ke2 hxg4 41. hxg4 Rh8 42. c5 Rh2+ 43. Kd1 dxc5 44. Nxc5 Rd6 45. Nxd7 Rxd5+ 46. Kc1 Rxd7 47. Rxa6 Rd4 48. Ra4 Rxa4 49. bxa4 Rg2 50. Rc4 Ke8 51. Rd4 e6 52. fxe6 Ke7 53. Re4 Rf2 54. Kd1 1/2-1/2

[Event "HUN-chT2 Breyer 1718"]
[Site "Hungary"]
[Date "2018.02.18"]
[Round "8.8"]
[White "Ats, Laszlo Gyorgy"]
[Black "Sugar, Aron"]
[Result "1-0"]
[WhiteElo "1973"]
[BlackElo "1375"]
[PlyCount "67"]
[EventDate "2017.09.24"]
[EventType "team-tourn"]
[EventRounds "11"]
[EventCountry "HUN"]
[SourceTitle "EXT 2021"]
[Source "ChessBase"]
[SourceDate "2020.10.23"]
[SourceVersion "1"]
[SourceVersionDate "2020.10.23"]
[SourceQuality "1"]
[WhiteTeam "Biatorbagy"]
[BlackTeam "Paty"]
[WhiteTeamCountry "HUN"]
[BlackTeamCountry "HUN"]

1. d4 Nf6 2. h4 g6 3. Bg5 Bg7 4. e3 d6 5. Bd3 Nbd7 6. c3 h6 7. Bf4 0-0 8. Qb3 e5 9. Bg3 h5 10. Bxg6 Nb6 11. Bd3 Be6 12. Qc2 Ng4 13. Bf5 Qf6 14. Bxe6 Qxe6 15. Nf3 f6 16. Qg6 Qf7 17. Qxf7+ Rxf7 18. Nbd2 Re8 19. 0-0 Bh6 20. Rad1 f5 21. Rfe1 e4 22. Ng5 Bxg5 23. hxg5 Nd5 24. a3 f4 25. exf4 e3 26. fxe3 Ngxe3 27. Nf1 Rfe7 28. Nxe3 Rxe3 29. Kf2 R3e7 30. Rxe7 Rxe7 31. Re1 Kf7 32. Kf3 Kg7 33. Re6 h4 34. Bh2 1-0

[Event "HUN-chT2 Breyer 1718"]
[Site "Hungary"]
[Date "2017.11.26"]
[Round "4.10"]
[White "Kovacs, Vilmos"]
[Black "Ats, Laszlo Gyorgy"]
[Result "0-1"]
[WhiteElo "1738"]
[BlackElo "1950"]
[PlyCount "66"]
[EventDate "2017.09.24"]
[EventType "team-tourn"]
[EventRounds "11"]
[EventCountry "HUN"]
[SourceTitle "EXT 2021"]
[Source "ChessBase"]
[SourceDate "2020.10.23"]
[SourceVersion "1"]
[SourceVersionDate "2020.10.23"]
[SourceQuality "1"]
[WhiteTeam "Esztergom"]
[BlackTeam "Biatorbagy"]
[WhiteTeamCountry "HUN"]
[BlackTeamCountry "HUN"]

1. Nf3 d5 2. d4 Bf5 3. Bf4 e6 4. e3 Nf6 5. Nbd2 Bd6 6. c3 0-0 7. Ne5 Ne4 8. Nxe4 Bxe4 9. f3 Bg6 10. h4 Bxe5 11. Bxe5 f6 12. Bg3 Nd7 13. h5 Bf7 14. Bd3 e5 15. Bf5 Re8 16. Bxd7 Qxd7 17. Kf2 Qf5 18. Qb3 e4 19. Rae1 Bxh5 20. Rh4 exf3 21. Rf4 Qe6 22. gxf3 g5 23. Rxf6 Qxf6 24. Qxd5+ Bf7 25. Qc5 g4 26. f4 Bg6 27. Rh1 Qc6 28. Qxc6 bxc6 29. Bh4 Re6 30. Bg5 Rae8 31. Re1 g3+ 32. Kxg3 Rxe3+ 33. Rxe3 Rxe3+ 0-1

[Event "Puspokladany Arnoth Memorial 10th"]
[Site "Puspokladany"]
[Date "2017.07.30"]
[Round "8"]
[White "Ats, Laszlo Gyorgy"]
[Black "Balogh, Peter1111"]
[Result "0-1"]
[WhiteElo "1959"]
[BlackElo "2153"]
[PlyCount "82"]
[EventDate "2017.07.26"]
[EventType "swiss"]
[EventRounds "9"]
[EventCountry "HUN"]
[SourceTitle "EXT 2019"]
[Source "ChessBase"]
[SourceDate "2018.10.10"]
[SourceVersion "1"]
[SourceVersionDate "2018.10.10"]
[SourceQuality "1"]

1. d4 c5 2. e3 cxd4 3. exd4 d6 4. Nf3 g6 5. Bc4 Bg7 6. Ng5 d5 7. Qf3 Nf6 8. Bb5+ Nc6 9. 0-0 h6 10. Nh3 g5 11. Qd3 Qb6 12. c3 Bd7 13. b4 Ne4 14. Bxc6 bxc6 15. f4 Nxc3 16. Nxc3 Qxd4+ 17. Qxd4 Bxd4+ 18. Kh1 Bxc3 19. Rb1 g4 20. Nf2 Rb8 21. Ba3 d4 22. Ne4 Bf5 23. Nxc3 dxc3 24. Rbc1 c2 25. Rfe1 e6 26. Re2 Rd8 27. g3 h5 28. Rcxc2 Bxc2 29. Rxc2 h4 30. Kg2 h3+ 31. Kf2 Rd3 32. Bb2 Rh5 33. Be5 Kd7 34. a4 Rd5 35. b5 cxb5 36. Rc7+ Ke8 37. Rxa7 bxa4 38. Rxa4 Rd2+ 39. Kg1 f6 40. Bxf6 Rc5 41. Ra1 Rcc2 0-1

[Event "HUN-chT2 Barcza 1617"]
[Site "Hungary"]
[Date "2016.09.25"]
[Round "1.10"]
[White "Szabo, Laszlo101010"]
[Black "Ats, Laszlo Gyorgy"]
[Result "1/2-1/2"]
[WhiteElo "1940"]
[BlackElo "1963"]
[PlyCount "60"]
[EventDate "2016.09.25"]
[EventType "team-tourn"]
[EventRounds "11"]
[EventCountry "HUN"]
[SourceTitle "EXT 2021"]
[Source "ChessBase"]
[SourceDate "2020.10.23"]
[SourceVersion "1"]
[SourceVersionDate "2020.10.23"]
[SourceQuality "1"]
[WhiteTeam "Hajduboszormeny"]
[BlackTeam "Debrecen Sakkbaratok"]
[WhiteTeamCountry "HUN"]
[BlackTeamCountry "HUN"]

1. e4 d5 2. exd5 Qxd5 3. Nc3 Qa5 4. Bc4 Nf6 5. Nf3 e6 6. 0-0 Be7 7. d4 c6 8. Bd2 0-0 9. Ne5 Qd8 10. Bg5 Nd5 11. Bxe7 Qxe7 12. Ne4 Nd7 13. Qf3 f5 14. Nxd7 Bxd7 15. Nc5 b6 16. Nd3 Rf6 17. Rfe1 Qd6 18. Ne5 Raf8 19. Bb3 Be8 20. Rad1 Rh6 21. c4 Bh5 22. Qg3 Bxd1 23. Rxd1 Ne7 24. c5 Qc7 25. Nf7 Qxg3 26. Nxh6+ gxh6 27. Bxe6+ Kg7 28. hxg3 Rd8 29. cxb6 axb6 30. Bb3 Kf6 1/2-1/2

[Event "HUN-chT2 Barcza 1516"]
[Site "Hungary"]
[Date "2015.09.13"]
[Round "1.11"]
[White "Kiss, Peter"]
[Black "Ats, Laszlo Gyorgy"]
[Result "1/2-1/2"]
[WhiteElo "1524"]
[BlackElo "2015"]
[PlyCount "94"]
[EventDate "2015.09.13"]
[EventType "team-tourn"]
[EventRounds "11"]
[EventCountry "HUN"]
[SourceTitle "CBM 170 Extra"]
[Source "ChessBase"]
[SourceDate "2016.02.25"]
[SourceVersion "1"]
[SourceVersionDate "2016.02.25"]
[SourceQuality "1"]
[WhiteTeam "Nadudvar"]
[BlackTeam "Debrecen Sakkbaratok"]
[WhiteTeamCountry "HUN"]
[BlackTeamCountry "HUN"]

1. e4 d5 2. exd5 Nf6 3. Nc3 Nxd5 4. Nxd5 Qxd5 5. d3 e5 6. Nf3 Bc5 7. Be2 Nc6 8. 0-0 h6 9. h3 g5 10. Nd2 f5 11. Bh5+ Kf8 12. Nc4 b5 13. Ne3 Qe6 14. Qf3 Bd7 15. Bg4 e4 16. Qxf5+ Qxf5 17. Bxf5 Bxf5 18. Nxf5 exd3 19. cxd3 Rd8 20. Rd1 Nb4 21. Be3 Bxe3 22. Nxe3 Rxd3 23. a3 Rxd1+ 24. Rxd1 Na6 25. Rd8+ Kg7 26. Nf5+ Kh7 27. Rxh8+ Kxh8 28. Nxh6 Kg7 29. Nf5+ Kf6 30. Nd4 b4 31. axb4 Nxb4 32. Nb5 Nd3 33. Nxa7 Nxb2 34. Kf1 Ke5 35. Ke2 Ke4 36. Nb5 c6 37. Nc3+ Kd4 38. Nb1 Nd3 39. g3 c5 40. Nd2 Ne5 41. h4 gxh4 42. gxh4 Ng6 43. Nf3+ Ke4 44. Nd2+ Kd5 45. Nf3 Ke4 46. Nd2+ Kd5 47. Nf3 Ke4 1/2-1/2

[Event "HUN-chT2 Barcza 1415"]
[Site "Hungary"]
[Date "2014.11.30"]
[Round "5.10"]
[White "Ats, Laszlo Gyorgy"]
[Black "Pota, Lajos"]
[Result "0-1"]
[WhiteElo "2034"]
[BlackElo "1726"]
[PlyCount "82"]
[EventDate "2014.09.07"]
[EventType "team-tourn"]
[EventRounds "11"]
[EventCountry "HUN"]
[SourceTitle "EXT 2016"]
[Source "ChessBase"]
[SourceDate "2015.10.08"]
[SourceVersion "1"]
[SourceVersionDate "2015.10.08"]
[SourceQuality "1"]
[WhiteTeam "Debrecen Sakkbaratok"]
[BlackTeam "Mezokovesd"]
[WhiteTeamCountry "HUN"]
[BlackTeamCountry "HUN"]

1. d4 e6 2. h4 d5 3. Bf4 Nc6 4. c3 Bd6 5. e3 e5 6. dxe5 Bxe5 7. Bxe5 Nxe5 8. Nf3 Nxf3+ 9. Qxf3 Nf6 10. Nd2 c6 11. Bd3 Qd6 12. Bf5 Qe5 13. Bxc8 Rxc8 14. g4 h5 15. g5 Ng4 16. Qf4 f6 17. Nf3 Qe4 18. Qxe4+ dxe4 19. Nd2 f5 20. Nc4 b5 21. Nd6+ Ke7 22. Nxf5+ Ke6 23. Nd4+ Kf7 24. Rd1 Rhd8 25. Ke2 Ne5 26. f3 c5 27. Nxb5 exf3+ 28. Kf2 Ke6 29. Kg3 a6 30. Nc7+ Kf5 31. Nxa6 Rxd1 32. Rxd1 Ke4 33. a4 Nd3 34. b4 Rf8 35. b5 f2 36. b6 Ne1 37. Nxc5+ Kxe3 38. Nd3 Nxd3 39. Kg2 Ke2 40. b7 Ne1+ 41. Kg3 f1Q 0-1

[Event "Budapest op 4th"]
[Site "Budapest"]
[Date "2014.08.21"]
[Round "6"]
[White "Ats, Laszlo Gyorgy"]
[Black "Kalmar, Karoly"]
[Result "1-0"]
[WhiteElo "2062"]
[BlackElo "1942"]
[PlyCount "131"]
[EventDate "2014.08.16"]
[EventType "swiss"]
[EventRounds "9"]
[EventCountry "HUN"]
[SourceTitle "CBM 161 Extra"]
[Source "ChessBase"]
[SourceDate "2014.08.29"]
[SourceVersion "1"]
[SourceVersionDate "2014.08.29"]
[SourceQuality "1"]

1. d4 d5 2. Bf4 Nf6 3. e3 a6 4. h4 c5 5. c3 Qb6 6. Qc2 Nc6 7. Nd2 e6 8. Ngf3 Bd7 9. Ne5 Nxe5 10. Bxe5 Be7 11. Bd3 h6 12. f3 cxd4 13. exd4 Rc8 14. a4 0-0 15. Kf2 Ne8 16. g4 Bd6 17. Bxd6 Nxd6 18. f4 f5 19. g5 h5 20. Qb3 Qc7 21. Nf3 Ne4+ 22. Ke3 g6 23. Ne5 Kg7 24. Rhc1 Nd6 25. c4 Bc6 26. c5 Nf7 27. Nf3 Qd7 28. Qa3 a5 29. Qb3 Ra8 30. Bb5 Rfb8 31. Qd3 Qc7 32. Ra3 Ra7 33. Rb3 Raa8 34. Qc3 Kh7 35. Ra1 Kg8 36. Bd3 Kg7 37. Rb6 Kh7 38. Ra3 Kg7 39. Bb5 Nd6 40. Rxc6 bxc6 41. cxd6 Qxd6 42. Bxc6 Rc8 43. Ne5 Ra6 44. Rb3 Raxc6 45. Nxc6 Qxc6 46. Qxc6 Rxc6 47. Kd3 Rc4 48. Rb7+ Kf8 49. b3 Rc1 50. Ra7 Rf1 51. Rxa5 Rf3+ 52. Kc2 Rxf4 53. b4 Rxd4 54. b5 Rb4 55. Kc3 Rc4+ 56. Kd3 Ke7 57. Ra7+ Kd6 58. a5 Rb4 59. b6 Rb5 60. b7 e5 61. a6 f4 62. Ra8 e4+ 63. Kd4 Rb4+ 64. Kc3 Rb6 65. b8Q+ Rxb8 66. Rxb8 1-0

[Event "Budapest op 4th"]
[Site "Budapest"]
[Date "2014.08.17"]
[Round "2"]
[White "Ats, Laszlo Gyorgy"]
[Black "Yip, Michael"]
[Result "1-0"]
[WhiteElo "2062"]
[BlackElo "1916"]
[PlyCount "99"]
[EventDate "2014.08.16"]
[EventType "swiss"]
[EventRounds "9"]
[EventCountry "HUN"]
[SourceTitle "CBM 161 Extra"]
[Source "ChessBase"]
[SourceDate "2014.08.29"]
[SourceVersion "1"]
[SourceVersionDate "2014.08.29"]
[SourceQuality "1"]

1. d4 Nf6 2. Bf4 e6 3. e3 c5 4. c3 d5 5. Nf3 Nc6 6. h4 Bd6 7. Ne5 Qc7 8. Bb5 Ke7 9. Bxc6 bxc6 10. Nd2 h6 11. g4 Bb7 12. Rg1 g6 13. a3 a5 14. Rc1 Kf8 15. Qc2 Rd8 16. Bg3 Kg7 17. f4 Bxe5 18. fxe5 Nxg4 19. Bf4 h5 20. Nb3 c4 21. Nc5 Bc8 22. Qg2 Rhg8 23. Qf3 Rde8 24. Kd2 Kh7 25. Rxg4 hxg4 26. Qxg4 f5 27. Qg5 Rg7 28. Qh6+ Kg8 29. Bg5 Qf7 30. Bf6 Rh7 31. Qg5 Rh5 32. Qg3 Kh7 33. Rg1 Rg8 34. Qf3 Qc7 35. Bg5 Qf7 36. Kc1 Qc7 37. Kb1 Qf7 38. Ka2 Rf8 39. Qf4 Rg8 40. Rb1 Qa7 41. b3 cxb3+ 42. Rxb3 Rg7 43. Qf1 Kg8 44. Qb1 Rhh7 45. Rb8 Rc7 46. Nxe6 Kf7 47. Nxc7 Qxc7 48. Qb6 Qd7 49. Ra8 a4 50. Ra7 1-0

[Event "HUN-chT2 Maroczy 1314"]
[Site "Hungary"]
[Date "2014.03.02"]
[Round "8"]
[White "Mihok, Laszlo"]
[Black "Ats, Laszlo Gyorgy"]
[Result "0-1"]
[WhiteElo "2072"]
[BlackElo "2053"]
[PlyCount "112"]
[EventDate "2013.09.08"]
[EventType "team-tourn"]
[EventRounds "11"]
[EventCountry "HUN"]
[SourceTitle "EXT 2016"]
[Source "ChessBase"]
[SourceDate "2015.10.08"]
[SourceVersion "1"]
[SourceVersionDate "2015.10.08"]
[SourceQuality "1"]
[WhiteTeam "Budapest MLTC II"]
[BlackTeam "Debrecen SBK"]
[WhiteTeamCountry "HUN"]
[BlackTeamCountry "HUN"]

1. d4 d5 2. c4 c6 3. Nf3 Nf6 4. e3 e6 5. Qc2 Nbd7 6. Nbd2 Bb4 7. Bd3 0-0 8. 0-0 Re8 9. Ne5 Nf8 10. f4 Bxd2 11. Bxd2 Bd7 12. c5 Qe7 13. Be1 Ng6 14. Ba5 Bc8 15. b4 a6 16. a4 Nd7 17. b5 Ndxe5 18. fxe5 axb5 19. axb5 cxb5 20. Bxb5 Bd7 21. Bd3 Rec8 22. Bb6 Qg5 23. Qf2 Be8 24. Ba5 Nh4 25. Bd2 g6 26. Kh1 Qe7 27. Rfb1 Bc6 28. Qf4 Nf5 29. Be1 Qd8 30. Bxf5 exf5 31. Bh4 Rxa1 32. Rxa1 Ra8 33. Rb1 Qf8 34. Bf6 h5 35. h3 Kh7 36. Kh2 Ra2 37. Kg3 Qe8 38. Qg5 Qf8 39. Qf4 Qe8 40. Qf3 Qg8 41. Kf4 Qf8 42. Rh1 Ra4 43. g4 Qxc5 44. gxh5 Qc2 45. hxg6+ fxg6 46. Kg3 Ra2 47. e6 Be8 48. Kf4 Qc7+ 49. Be5 Qe7 50. Qg3 g5+ 51. Kf3 Bh5+ 52. Qg4 Kg6 53. Kg3 Bxg4 54. hxg4 f4+ 55. Kf3 Qxe6 56. Rh8 Ra3 0-1

[Event "HUN-chT2 Toth 1213"]
[Site "Hungary"]
[Date "2013.02.17"]
[Round "7.3"]
[White "Ats, Laszlo Gyorgy"]
[Black "Bodrogi, Laszlo"]
[Result "1-0"]
[WhiteElo "2046"]
[BlackElo "2038"]
[PlyCount "107"]
[EventDate "2012.09.16"]
[EventType "team-tourn"]
[EventRounds "11"]
[EventCountry "HUN"]
[SourceTitle "EXT 2014"]
[Source "ChessBase"]
[SourceDate "2013.11.20"]
[SourceVersion "1"]
[SourceVersionDate "2013.11.20"]
[SourceQuality "1"]
[WhiteTeam "Debrecen Sakkbaratok"]
[BlackTeam "Abony"]
[WhiteTeamCountry "HUN"]
[BlackTeamCountry "HUN"]

1. d4 Nf6 2. Bf4 c5 3. e3 e6 4. c3 Nc6 5. h4 cxd4 6. exd4 Be7 7. Nf3 d6 8. Nbd2 Bd7 9. Bd3 Rc8 10. Qe2 Qc7 11. 0-0 Qa5 12. Nc4 Qd5 13. Rfe1 0-0 14. Nfd2 e5 15. dxe5 Bg4 16. f3 dxe5 17. Nxe5 Bc5+ 18. Kh2 Nxe5 19. Bxe5 Rfe8 20. fxg4 Rxe5 21. Qf3 Rd8 22. Bc4 Qxf3 23. Nxf3 Rxe1 24. Rxe1 Nxg4+ 25. Kh3 Ne3 26. Bb3 h6 27. Re2 Re8 28. Rd2 Re7 29. g4 g6 30. h5 gxh5 31. gxh5 Kg7 32. Ba4 Kf6 33. b4 Bb6 34. Bb3 Nf5 35. c4 Re3 36. Kg2 Re4 37. c5 Bc7 38. b5 Rg4+ 39. Kf2 Bg3+ 40. Ke2 Re4+ 41. Kd1 Rb4 42. Rd7 Ne7 43. Rxb7 Rf4 44. Ke2 Rf5 45. c6 Rxh5 46. a4 Rc5 47. Rxa7 Rc3 48. Nd2 Nxc6 49. bxc6 Rxc6 50. Ne4+ Ke5 51. Nxg3 Rc3 52. Re7+ Kf4 53. Nh5+ Kg5 54. Bxf7 1-0

[Event "HUN-chT2 Barcza 1112 "]
[Site "Hungary"]
[Date "2012.03.25"]
[Round "8"]
[White "Molnar, Laszlo"]
[Black "Ats, Laszlo Gyorgy"]
[Result "0-1"]
[WhiteElo "2179"]
[BlackElo "2116"]
[PlyCount "56"]
[EventDate "2011.09.25"]
[EventType "team-tourn"]
[EventRounds "11"]
[EventCountry "HUN"]
[SourceTitle "EXT 2013"]
[Source "ChessBase"]
[SourceDate "2012.11.22"]
[SourceVersion "1"]
[SourceVersionDate "2012.11.22"]
[SourceQuality "1"]
[WhiteTeam "Balkany"]
[BlackTeam "Debrecen Betu"]
[WhiteTeamCountry "HUN"]
[BlackTeamCountry "HUN"]

1. e4 d5 2. exd5 Nf6 3. d4 Nxd5 4. Nf3 Bg4 5. Be2 e6 6. 0-0 Bd6 7. Bg5 f6 8. Bh4 Nd7 9. c4 Nf4 10. c5 Be7 11. Bg3 g5 12. Nc3 c6 13. Bxf4 gxf4 14. Nh4 f5 15. Bxg4 fxg4 16. Qxg4 Bxh4 17. Qxe6+ Qe7 18. Qb3 0-0-0 19. Rfe1 Qg7 20. Ne4 Be7 21. Rad1 Nf6 22. Ng5 Rhg8 23. Qh3+ Rd7 24. Ne6 Qg4 25. Nxf4 Qxf4 26. Rxe7 Ng4 27. Rxd7 Qxf2+ 28. Kh1 Qe2 0-1

[Event "HUN-chT2 Maroczy 1011"]
[Site "Hungary"]
[Date "2010.10.24"]
[Round "4"]
[White "Kardon, Zoltan"]
[Black "Ats, Laszlo Gyorgy"]
[Result "0-1"]
[WhiteElo "2150"]
[BlackElo "2121"]
[PlyCount "122"]
[EventDate "2010.09.12"]
[EventType "team-tourn"]
[EventRounds "11"]
[EventCountry "HUN"]
[SourceTitle "EXT 2012"]
[Source "ChessBase"]
[SourceDate "2011.11.24"]
[SourceVersion "1"]
[SourceVersionDate "2011.11.24"]
[SourceQuality "1"]
[WhiteTeam "Lila Futo"]
[BlackTeam "Debrecen SBE"]
[WhiteTeamCountry "HUN"]
[BlackTeamCountry "HUN"]

1. d4 d5 2. Nf3 Bf5 3. c4 e6 4. Nc3 c6 5. e3 Nf6 6. Bd3 g6 7. 0-0 Nbd7 8. cxd5 cxd5 9. b3 Rc8 10. Bb2 a6 11. Qe2 Ne4 12. Bxe4 dxe4 13. Nd2 Nf6 14. f3 exf3 15. gxf3 Bh3 16. Rfd1 Bg7 17. Nde4 Nd5 18. Kh1 0-0 19. Rac1 Bh6 20. Nxd5 exd5 21. Rxc8 Bxc8 22. Nc3 Re8 23. e4 b5 24. Qg2 Bb7 25. e5 Qa5 26. Qh3 Bf8 27. f4 b4 28. Na4 Bc6 29. Rc1 Bxa4 30. bxa4 Qxa4 31. Qb3 Qb5 32. Qc2 a5 33. Qc6 Qxc6 34. Rxc6 a4 35. Kg2 Rb8 36. Kf2 a3 37. Bc1 b3 38. axb3 Rxb3 39. Ra6 Rh3 40. Ke1 Rxh2 41. Bd2 Kg7 42. Ra7 Kg8 43. Ra8 Kg7 44. Ra7 h5 45. e6 Kf6 46. Rxf7+ Kxe6 47. Rxf8 a2 48. Bc3 Rc2 49. Ra8 Rxc3 50. Rxa2 Kf5 51. Rg2 Rd3 52. Rg5+ Kxf4 53. Rxg6 Rxd4 54. Rh6 Kg5 55. Rh8 Rf4 56. Ke2 d4 57. Kd3 h4 58. Rg8+ Kf5 59. Rg1 h3 60. Rg8 Rh4 61. Rf8+ Kg4 0-1